00849cam a2200241 a 4500001000500000005001700005020001800022040002300040050001300063082000800076100001900084245009800103250004100201260003500242300005700277505000800334520014200342521002300484521002000507650002600527650002200553650003200575238820231204113411.0 a9780545698061 aDLCcDLCdDLCbeng00aPZ7.C65800a3031 aCoffelt, Nancy10aAunt Ant leaves through the leaves /ba story with homophones and homonyms cby Nancy Coffelt aFirst Scholastic printing in the USA bScholastic,a New York :c2012 a18 unnumbered pages :bColor illustrations ;c22 cm  aJ  aIn a homonym-filled tale reminiscent of "The little red hen," a monkey asks for help moving a stack of bananas so that he can bake a pie. a470 AD bLexile  aJ bRaz-Plus  1aHelpfulnessvFiction. 1aAnimalsvFiction. 1aEnglish languagexHomonyms.